More cash for the countryside (Record no. 117041)

MARC details
000 -LEADER
fixed length control field 00956cam a2200217 4500
001 - CONTROL NUMBER
control field WB4007-07
008 - FIXED-LENGTH DATA ELEMENTS--GENERAL INFORMATION
fixed length control field 040219n2004 000 0 eng u
035 ## - SYSTEM CONTROL NUMBER
System control number (Sirsi) u125197
245 ## - TITLE STATEMENT
Title More cash for the countryside
260 ## - PUBLICATION, DISTRIBUTION, ETC.
Date of publication, distribution, etc. 2004
490 ## - SERIES STATEMENT
Series statement DEFRA News Release
Volume/sequential designation (54/04) 18 February 2004 (6)
520 ## - SUMMARY, ETC.
Summary, etc. Farmers and other land managers will receive increased grants under the Countryside Stewardship and Environmentally Sensitive Areas Schemes. Higher payment rates have been introduced for capital works such as the restoration of dry stone walls and hedges and also for improving public access to the countryside. Press release http://www.defra.gov.uk/news/2004/040218a.htm
590 ## - LOCAL NOTE (RLIN)
Local note WB
590 ## - LOCAL NOTE (RLIN)
Local note WB
650 ## - SUBJECT ADDED ENTRY--TOPICAL TERM
Topical term or geographic name entry element FARM AND CONSERVATION GRANTS
650 ## - SUBJECT ADDED ENTRY--TOPICAL TERM
Topical term or geographic name entry element COUNTRYSIDE STEWARDSHIP SCHEMES
650 ## - SUBJECT ADDED ENTRY--TOPICAL TERM
Topical term or geographic name entry element ENVIRONMENTALLY SENSITIVE AREA SCHEME
650 ## - SUBJECT ADDED ENTRY--TOPICAL TERM
Topical term or geographic name entry element PUBLIC ACCESS
690 ## - LOCAL SUBJECT ADDED ENTRY--TOPICAL TERM (OCLC, RLIN)
Topical term or geographic name as entry element ENVIRONMENT-MANAGEMENT
942 ## - ADDED ENTRY ELEMENTS (KOHA)
Suppress in OPAC 0
Holdings
Withdrawn status Lost status Source of classification or shelving scheme Damaged status Not for loan Home library Current library Shelving location Date acquired Total Checkouts Full call number Barcode Date last seen Copy number Price effective from Koha item type
    Dewey Decimal Classification     London London News article 19/02/2004   WB4007-07 125197-1001 06/08/2019 1 06/08/2019 News article